LEADER 01274nam--2200385---450- 001 990003042750203316 005 20110906110025.0 010 $a978-84-206-6172-8 035 $a000304275 035 $aUSA01000304275 035 $a(ALEPH)000304275USA01 035 $a000304275 100 $a20080108d2007----km-y0itay50------ba 101 $aspa 102 $aES 105 $a||||||||001yy 200 1 $aGeografia de Iberia$fEstrabon$gtraduccion de Javier Gomez Espelosin$gpresentaciones de Gonzalo Cruz Andreotti, Marco V. Garcia Quintela, Javier Gomez Espelosin 210 $a[Madrid]$cAlianza Editorial$d2007 215 $a556 p.$d18 cm 225 2 $aBiblioteca Tematica$iClasicos de Grecia Y Roma$v8288 410 0$12001$aBiblioteca Tematica$iClasicos de Grecia Y Roma 500 11$aGeographica$913285 700 1$aSTRABO$0169725 702 1$aGOMEZ ESPELOSIN,$bF. Javier 702 1$aCRUZ ANDREOTTI,$bGonzalo 702 1$aGARCIA QUINTELA,$bMarco V. 801 0$aIT$bsalbc$gISBD 912 $a990003042750203316 951 $aV.1.A. 533$b203376 L.M.$cV.1.A.$d00064838 959 $aBK 969 $aUMA 979 $aIANNONE$b90$c20080108$lUSA01$h1108 979 $aIANNONE$b90$c20110906$lUSA01$h1100 996 $aGeographica$913285 997 $aUNISA LEADER 03620nam 2200469 450 001 9910807999703321 005 20230421030712.0 010 $a3-486-79084-6 024 7 $a10.1515/9783486790849 035 $a(CKB)3710000001006827 035 $a(MiAaPQ)EBC5049302 035 $a(DE-B1597)234765 035 $a(OCoLC)979769910 035 $a(DE-B1597)9783486790849 035 $a(Au-PeEL)EBL5049302 035 $a(CaPaEBR)ebr11567571 035 $a(OCoLC)1039702315 035 $a(EXLCZ)993710000001006827 100 $a20180816d1996 uy 0 101 0 $ager 135 $aurcnu|||||||| 181 $ctxt$2rdacontent 182 $cc$2rdamedia 183 $acr$2rdacarrier 200 10$aSozialpolitik in der Bundesrepublik Deutschland Bis Zur Herstellung der Deutschen Einheit$hBand 3$iSozialpolitik in der Bundesrepublik Deutschland bis zur Herstellung der Deutschen Einheit /$fJohannes Frerich, Martin Frey 205 $aReprint 2016 210 1$aMu?nchen ;$aWien :$cR. Oldenbourg Verlag,$d1996. 215 $a1 online resource (801 pages) 311 $a3-486-23788-8 327 $tFrontmatter -- $tVorwort -- $tInhaltsverzeichnis -- $t1. Ausgangssituation in der unmittelbaren Nachkriegszeit -- $t2. Gesellschaftliche Rahmenbedingungen der Sozialpolitik -- $t3. Soziale Entschädigungspolitik -- $t4. Gestaltung der Alters- und Hinterbliebenensicherung -- $t5. Soziale Sicherung bei Krankheit und Invalidität -- $t6. Arbeitsmarktpolitik und Arbeitsförderung -- $t7. Entwicklung der Arbeitsbeziehungen und Arbeitsbedingungen -- $t8. Familienlastenausgleich, Ausbildungsforderung und Jugendhilfe -- $t9. Öffentliche Fürsorge und Sozialhilfe -- $t10. Soziale Wohnungspolitik -- $t11. Soziale Vermögenspolitik -- $t12. Steuerliche Maßnahmen der Sozialpolitik -- $t13. Selbstverwaltung, Sozial- und Arbeitsgerichtsbarkeit -- $t1. Gesellschaftliche Rahmenbedingungen der Sozialpolitik -- $t2. Arbeitsmarktpolitik und Arbeitsförderung -- $t3. Gestaltung der Arbeitsbedingungen und Arbeitsbeziehungen -- $t4. Gestaltung der Alters- und Hinterbliebenensicherung -- $t5. Soziale Sicherung bei Krankheit und Invalidität -- $t6. Soziale Entschädigungen -- $t7. Familienlastenausgleich, Ausbildungsforderung und Jugendpolitik -- $t8. Sozialhilfe -- $t9. Soziale Wohnungspolitik -- $t10. Soziale Vermögenspolitik -- $t11. Steuerliche Maßnahmen der Sozialpolitik -- $t12. Organisationsfragen und soziale Gerichtsbarkeit -- $t1. Sozialpolitik der Europäischen Gemeinschaften -- $t2. Sozialpolitische Aktivitäten des Europarates -- $t3. Internationale Arbeitsorganisation (IAO) -- $t1. Ausgangslage und Entwicklungen nach der Wende in der DDR -- $t2. Von der Herstellung der Sozialunion bis zum Einigungsvertrag -- $t3. Deutsche Einheit und sozialpolitische Regelungen des Einigungsvertrages -- $t1. Aspekte der sozialen Lage im vereinten Deutschland -- $t2. Erste gesetzgeberische Schritte im vereinten Deutschland -- $t3. Rahmenbedingungen und Problembereiche zukünftiger Sozialpolitik -- $tLiteraturverzeichnis -- $tVerzeichnis sonstiger Quellen -- $tVerzeichnis der Abkürzungen -- $tVerzeichnis der Tabellen -- $tPersonenregister -- $tSachregister 606 $aPublic welfare$zGermany$xHistory 615 0$aPublic welfare$xHistory. 676 $a361.680943 700 $aFrerich$b Johannes$01598074 702 $aFrey$b Martin 801 0$bMiAaPQ 801 1$bMiAaPQ 801 2$bMiAaPQ 906 $aBOOK 912 $a9910807999703321 996 $aSozialpolitik in der Bundesrepublik Deutschland Bis Zur Herstellung der Deutschen Einheit$93920098 997 $aUNINA